000 00481nam a2200157Ia 4500
008 210716s2007 xx 000 0 und d
020 _a8174465243
041 _aeng
082 _a651.7 SINP
100 _aSingh, Parul.
245 _aHand book of writing effective resume for job applications:how to attract employers attention.
_bHow to attract employers attention.
250 _a1
260 _aNew Delhi
_bExcel Books
_c2007
300 _aix,85
650 _aGeneral Knowledge
999 _c201815
_d201815